Mixed Word: Add a Letter VI Quiz Stats

Quiz Updated Jul 6, 2012

Challenge
Share
Tweet
For example, GRID + I ‣ RIGID.
Score 0/24 Timer 04:00
0 Plays Today
% Correct
BASSBRASS
76.9%
BAREZEBRA
74.9%
BOUTABOUT
74%
BAREBARGE
73.9%
BILEBIBLE
68.3%
BASSBASIS
62.6%
BOORBROOM
61.9%
BOUTDOUBT
61.8%
BILELIBEL
59%
BOORROBOT
57.8%
BILEBILGE
52.4%
BEERREBEL
50.9%
% Correct
BOATTABOO
46.9%
BOORBORON
42.2%
BEEREMBER
41.4%
BOATABBOT
39.9%
BASSABYSS
37.6%
BOARLABOR
36.4%
BEERBERET
34.3%
BAREREHAB
31%
BOARBRAVO
30.5%
BOARABHOR
17.7%
BOATABORT
16.5%
BOUTTURBO
13.5%

You're not logged in!

Compare scores with friends on all Sporcle quizzes.
Sign Up with Email
OR
Log In

You Might Also Like...

Show Comments

Extras

Top Quizzes Today


Score Distribution

Your Account Isn't Verified!

In order to create a playlist on Sporcle, you need to verify the email address you used during registration. Go to your Sporcle Settings to finish the process.

Report this User

Report this user for behavior that violates our Community Guidelines.

Details: